[Event "XIV Figueira da Foz Open 2020"]
[Site "Figueira da Foz"]
[Date "2020.10.30"]
[Round "8.18"]
[White "Dias, Jose Oliveira Gaspar"]
[Black "Movsisyan, Tigran"]
[Result "0-1"]
[WhiteElo "1589"]
[BlackElo "1730"]
[Annotator "NA RC"]
[PlyCount "106"]
[EventDate "2020.10.24"]
[EventType "swiss"]
[EventCountry "POR"]
[SourceTitle "playchess.com"]
[Source "ChessBase"]
[SourceQuality "1"]
[TimeControl "40/5400+30:1800+30"]

1. c4 {[%emt 0:03:53]} c6 {[%emt 0:00:00]} 2. Nf3 {[%emt 0:01:19]} d5 {[%emt 0:00:00]} 3. g3 {[%emt 0:00:45]} dxc4 {[%emt 0:01:07]} 4. a4 {[%emt 0:01:00]} Nf6 {[%emt 0:01:17]} 5. Bg2 {[%emt 0:00:05]} Bf5 {[%emt 0:00:38]} 6. Nc3 {[%emt 0:00:54]} e6 {[%emt 0:01:34]} 7. Ne5 {[%emt 0:00:42]} Bc5 {[%emt 0:04:31]} 8. Nxc4 {[%emt 0:02:15]} O-O {[%emt 0:00:16]} 9. O-O {[%emt 0:02:10]} Na6 {[%emt 0:02:34]} 10. d3 {[%emt 0:02:51]} Nb4 {[%emt 0:01:18]} 11. a5 {[%emt 0:02:22]} Bg6 {[%emt 0:01:26]} 12. Ne5 {[%emt 0:10:18]} Nbd5 {[%emt 0:06:08]} 13. a6 {[%emt 0:15:14]} Qc7 {[%emt 0:14:32]} 14. axb7 {[%emt 0:06:15]} Rab8 {[%emt 0:02:24]} 15. d4 {[%emt 0:06:26]} Bb6 {[%emt 0:01:24]} 16. Qa4 {[%emt 0:08:15]} Qxb7 {[%emt 0:27:38]} 17. Nxc6 {[%emt 0:09:24]} Rbc8 {[%emt 0:01:05]} 18. Ne5 {[%emt 0:00:44]} Bh5 {[%emt 0:10:43]} 19. Re1 {[%emt 0:03:45]} Qe7 {[%emt 0:08:19]} 20. Bd2 {[%emt 0:02:53]} Nb4 {[%emt 0:01:02]} 21. e3 {[%emt 0:04:03]} Ng4 {[%emt 0:06:09]} 22. Nc6 {[%emt 0:04:51]} Nxc6 {[%emt 0:02:11]} 23. Bxc6 {[%emt 0:00:10]} e5 {[%emt 0:01:41]} 24. Bd7 {[%emt 0:03:51]} Rcd8 {[%emt 0:01:27]} 25. Bc6 {[%emt 0:01:49]} exd4 {[%emt 0:01:04]} 26. exd4 {[%emt 0:01:10]} Qf6 {[%emt 0:00:00]} 27. Ne4 {[%emt 0:00:10]} Qf5 {[%emt 0:01:03]} 28. Be3 {[%emt 0:01:36]} h6 {[%emt 0:01:15]} 29. Qb5 {[%emt 0:01:21]} Qxb5 {[%emt 0:00:57]} 30. Bxb5 {[%emt 0:00:03]} Bxd4 {[%emt 0:00:26]} 31. Bxd4 {[%emt 0:01:27]} Rxd4 {[%emt 0:00:01]} 32. Rxa7 {[%emt 0:00:20]} Ne5 {[%emt 0:00:38]} 33. Re3 {[%emt 0:01:54]} Rd1+ {[%emt 0:01:11]} 34. Kg2 {[%emt 0:00:33]} f6 {[%emt 0:00:25]} 35. Nc3 {[%emt 0:00:46]} Rd2 {[%emt 0:00:19]} 36. b3 {[%emt 0:00:23]} Rfd8 {[%emt 0:00:20]} 37. Ne4 {[%emt 0:01:08]} Rc2 {[%emt 0:00:36]} 38. h3 {[%emt 0:00:26]} Bf7 {[%emt 0:00:33]} 39. Ba4 {[%emt 0:00:30]} Bd5 {[%emt 0:00:30]} 40. g4 {[%emt 0:00:00]} Bxe4+ {[%emt 0:00:00]} 41. Rxe4 {[%emt 0:00:42]} Rdd2 {[%emt 0:00:31]} 42. Rf4 {[%emt 0:00:42]} Nd3 {[%emt 0:01:14]} 43. Rf5 {[%emt 0:03:25]} Nxf2 {[%emt 0:02:20]} 44. Rd7 {[%emt 0:07:37]} Nd3+ {[%emt 0:08:00]} 45. Kg3 {[%emt 0:04:24]} Rg2+ {[%emt 0:00:09]} 46. Kh4 {[%emt 0:01:30]} Ne5 {[%emt 0:00:31]} 47. Rxe5 {[%emt 0:03:24]} fxe5 {[%emt 0:00:16]} 48. Kh5 {[%emt 0:01:30]} Rcd2 {[%emt 0:08:47]} 49. Re7 {[%emt 0:03:27]} Rg3 {[%emt 0:03:24]} 50. Kg6 {[%emt 0:06:42]} Rd6+ {[%emt 0:01:21]} 51. Kf5 {[%emt 0:00:21]} Re3 {[%emt 0:03:19]} 52. g5 {[%emt 0:01:59]} g6+ {[%emt 0:00:29]} 53. Kg4 {[%emt 0:01:27]} Rd4# {[%emt 0:00:04]} 0-1

[Event "XIV Figueira da Foz Open 2020"]
[Site "Figueira da Foz"]
[Date "2020.10.31"]
[Round "9.1"]
[White "Stella, Andrea"]
[Black "Grigoryan, Karen H."]
[Result "1/2-1/2"]
[WhiteElo "2457"]
[BlackElo "2658"]
[Annotator "TA"]
[PlyCount "56"]
[EventDate "2020.10.24"]
[EventType "swiss"]
[EventCountry "POR"]
[SourceTitle "playchess.com"]
[Source "ChessBase"]
[SourceQuality "1"]

{[%evp 18,56,52,54,54,0,3,7,17,10,20,15,27,22,45,0,0,0,0,0,0,0,8,0,0,0,0,0,0,0,35,31,35,35,43,27,16,34,93,88,73]} 1. d4 d6 2. e4 Nf6 3. Nc3 Nbd7 4. Nf3 e5 5. Bc4 Be7 6. O-O O-O 7. a4 a5 8. h3 c6 9. Re1 h6 10. Be3 Re8 {C41: Philidor Defence.} 11. dxe5 (11. Qe2 $14) 11... dxe5 $11 12. Nh4 Bb4 {The position is equal.} 13. Qf3 {Black must now prevent Nf5.} Nf8 {[#]} 14. Red1 $146 ({Predecessor:} 14. Rad1 Qe7 15. Rd3 Kh8 16. Red1 Ng6 17. Nxg6+ fxg6 18. Bb6 Be6 19. Bxe6 Qxe6 20. b3 {1-0 (41) Kobalia,M (2628)-Halkias,S (2585) Tallinn 2016}) 14... Qe7 15. Ne2 Be6 16. Nf5 Bxf5 $1 17. Qxf5 g6 18. Qf3 Kg7 19. Nc1 N8h7 20. Nb3 Ng5 21. Bxg5 hxg5 22. Qe3 $36 {[%mdl 2048] White is more active.} g4 23. h4 g3 24. fxg3 Ng4 25. Qf3 Bc5+ 26. Nxc5 Qxc5+ {[%mdl 64] [#] Double Attack} 27. Kh1 Nf2+ (27... Qxc4 $14 28. Qxg4 Rad8) 28. Kh2 $16 {Threatens to win with Rd7.} Qxc4 {Av CentiPawn Loss W=-5/B=-8. Weighted=-4/-10} 1/2-1/2

[Event "XIV Figueira da Foz Open 2020"]
[Site "Figueira da Foz"]
[Date "2020.10.31"]
[Round "9.2"]
[White "Batsiashvili, Nino"]
[Black "Silva, Pedro Gil Ferreira D"]
[Result "1-0"]
[WhiteElo "2467"]
[BlackElo "2034"]
[Annotator "TA"]
[PlyCount "111"]
[EventDate "2020.10.24"]
[EventType "swiss"]
[EventCountry "POR"]
[SourceTitle "playchess.com"]
[Source "ChessBase"]
[SourceQuality "1"]

{[%evp 14,111,21,27,35,41,61,60,64,45,76,66,66,72,76,72,75,67,72,74,68,72,83,73,81,41,89,62,59,42,117,87,88,84,89,84,75,24,27,24,28,25,22,15,22,22,71,73,83,83,130,121,132,112,131,112,112,112,205,178,197,162,230,228,230,189,184,112,119,119,135,119,120,0,120,70,80,83,272,286,273,277,285,280,280,266,260,160,262,255,359,356,374,360,365,351,1922,1721,1478,1304]} 1. d4 Nf6 2. c4 e6 3. Nc3 Bb4 4. e3 b6 5. Bd3 Bb7 6. Nf3 c5 {now supersedes 6...0-0.} 7. O-O Bxc3 8. bxc3 d6 {E43: Nimzo-Indian: Rubinstein: 4...b6.} 9. Re1 Nc6 10. e4 e5 {White is slightly better.} 11. d5 Ne7 12. Nh4 {[#]} O-O $146 ({Predecessor:} 12... Bc8 13. Qf3 h6 14. Bd2 Qd7 15. a4 a5 16. g3 Kd8 17. Qe3 g5 18. Qf3 Ne8 {½-½ (25) Worek,J (2243)-Jedynak,R (2494) Krakow 2011}) 13. Bg5 Ng6 14. Nf5 h6 15. Bd2 Bc8 16. Qf3 Nh7 17. g3 Qf6 18. h4 Bd7 19. Re3 Rae8 20. a4 {[%cal Ba2a4,Ba4a5][%mdl 32]} Ne7 21. a5 g5 ({Better is} 21... Ra8 $14) 22. hxg5 Nxg5 23. Nxe7+ Qxe7 24. Qh5 $1 Qf6 ({Don't blunder} 24... Nh3+ $2 25. Kg2 $18) 25. Bf1 ({White should play} 25. Re2 $1 $16) 25... Qg6 $11 26. Qxg6+ fxg6 27. Bg2 b5 28. cxb5 Bxb5 29. Rb1 a6 30. c4 Bxc4 {[#]} 31. Rb6 $1 {[%cal Rb6d6]} Rb8 32. Rxd6 Rb2 33. Be1 $36 {[%mdl 2048] Keeping Black busy.} ({And not} 33. Rxg6+ Kh7 $17) 33... Bb5 34. Rxg6+ {[%mdl 64] Double Attack} Kh7 35. Rb6 Rb1 (35... Rc2 $16 36. Rb7+ Kg6) 36. Kh2 Rb2 37. Rb7+ Kg6 (37... Rf7 $142 38. Rxf7+ Nxf7) 38. Re7 $18 Kf6 39. Rc7 Rc2 40. Kg1 (40. Rb7 $18) 40... Kg6 $16 41. Re7 Kf6 42. Rb7 {Strongly threatening f4.} Kg6 43. Re7 Kf6 $1 {[%cal Rf6e7]} 44. d6 {Threatens to win with f4.} Rd8 45. f4 Rxd6 $2 {This move loses the game for Black.} (45... Ne6 $16 {was worth a try.}) 46. Rxe5 $18 Ne6 {[#] Black wants to play ...Rd1.} 47. Rxc5 $1 Nxc5 ({Avoid the trap} 47... Rxg2+ $2 48. Kxg2 Nxc5 49. e5+ Kf5 50. exd6 $18) 48. e5+ {[%mdl 64] Double Attack} Ke7 49. exd6+ Kxd6 50. Bf1 Bc6 (50... Bxf1 $16 {is a better defense.} 51. Kxf1 Kd5) 51. Bb4 Rc1 (51... Kc7 {was called for.} 52. f5 Ne4 53. Bxa6 Rb2) 52. Re1 Rxe1 53. Bxe1 Bb7 54. Bb4 Bc8 $2 (54... Kd5 55. g4 Bc6) 55. Bg2 Bf5 56. Kf2 {Av CentiPawn Loss W=-21/B=-39. Weighted=-20/-42} 1-0

[Event "XIV Figueira da Foz Open 2020"]
[Site "Figueira da Foz"]
[Date "2020.10.31"]
[Round "9.3"]
[White "Cumming, Rhys"]
[Black "Dias, Paulo"]
[Result "1/2-1/2"]
[WhiteElo "2299"]
[BlackElo "2338"]
[Annotator "TA"]
[PlyCount "50"]
[EventDate "2020.10.24"]
[EventType "swiss"]
[EventCountry "POR"]
[SourceTitle "playchess.com"]
[Source "ChessBase"]
[SourceQuality "1"]

{[%evp 26,50,22,17,33,27,38,12,37,36,39,39,39,12,14,12,12,12,14,13,19,9,10,9,15,0,0]} 1. e4 e5 2. Nf3 Nc6 3. Nc3 Nf6 4. d4 exd4 5. Nxd4 Bb4 6. Nxc6 bxc6 7. Bd3 d5 8. exd5 cxd5 9. O-O O-O 10. Bg5 c6 11. Qf3 h6 12. Bxf6 Qxf6 13. Qxf6 gxf6 14. Ne2 Be6 {C47: Scotch Four Knights and Four Knights with 4 g3.} 15. Nd4 Rac8 16. Nf5 {White wants to play a3.} Bxf5 (16... Rfd8 {is more complex.} 17. Nxh6+ Kf8 18. Rfd1 c5 19. g4 c4) 17. Bxf5 {And now a3 would win.} Rb8 18. Rad1 Rfe8 {[#]} 19. Bd7 $146 ({Predecessor:} 19. c3 Bf8 20. Bd7 Re2 21. Bxc6 Rbxb2 22. Bxd5 Bc5 23. Kh1 Rxf2 24. Rxf2 Rxf2 25. g3 {½-½ (31) Liu,S (2255)-Hong,X (1990) China 2017}) 19... Re2 {The position is equal.} 20. Bxc6 Rxc2 21. Bxd5 Rxb2 22. Bb3 Re8 23. Rd7 Re7 24. Rxe7 Bxe7 25. g4 Bc5 {Av CentiPawn Loss W=-8/B=-6. Weighted=-8/-6} 1/2-1/2

[Event "XIV Figueira da Foz Open 2020"]
[Site "Figueira da Foz"]
[Date "2020.10.31"]
[Round "9.4"]
[White "Santos, Jose Guilherme B Lim"]
[Black "Martin Duque, Jesus"]
[Result "1-0"]
[WhiteElo "2229"]
[BlackElo "2426"]
[Annotator "TA"]
[PlyCount "127"]
[EventDate "2020.10.24"]
[EventType "swiss"]
[EventCountry "POR"]
[SourceTitle "playchess.com"]
[Source "ChessBase"]
[SourceQuality "1"]

{[%evp 14,127,27,9,28,0,97,101,99,100,97,97,113,108,162,164,232,154,258,240,216,232,228,215,255,245,505,514,476,479,1044,1008,1265,1270,1220,790,770,557,550,0,0,0,0,0,0,0,0,0,4,6,18,14,14,13,142,115,127,125,121,128,140,127,134,123,148,121,148,133,120,120,124,102,102,108,106,106,107,107,107,92,252,100,877,785,725,572,1040,458,1506,920,2483,2275,2089,2074,1704,1768,1885,1719,1748,1691,1616,1537,2717,2093,1912,1742,29970,29963,29978,29979,29972,29973,29975,29965,29987,29988]} 1. e4 c5 2. Nf3 e6 3. d4 cxd4 4. Nxd4 a6 5. Bd3 Nf6 6. Nc3 Qc7 7. Qe2 d6 8. Be3 Nbd7 {B43: Sicilian: Kan Variation: 5 Nc3.} 9. g4 {[#]} h5 $146 (9... h6 $1 $11) ({Predecessor:} 9... Nc5 10. g5 Nfd7 11. f4 b5 12. a3 Bb7 13. Rf1 Nb6 14. h4 d5 15. exd5 Nxd5 16. Nxd5 Bxd5 {½-½ (32) Calugar,A (2206)-Drozdowski,K (2481) Dallas 2015}) 10. g5 $16 Ng4 {White is better.} 11. Bd2 Nge5 12. f4 Nxd3+ 13. cxd3 (13. Qxd3 $6 b5 $11) 13... Qb6 (13... Nb8 $16) 14. Be3 $18 Nc5 (14... Qd8 $142 15. O-O g6) 15. Rb1 a5 (15... Qd8 $16 {was necessary.}) 16. g6 fxg6 {[#]} 17. f5 $1 {[%mdl 512]} Be7 {[%cal Rg6f5]} ({Much weaker is} 17... gxf5 $6 18. exf5 e5 19. Nd5) (17... exf5 18. exf5) 18. fxe6 ({Don't play} 18. fxg6 $6 e5 $16) 18... O-O 19. Rg1 Qa6 $2 (19... Rf6 {keeps fighting.} 20. Nd5 {[%mdl 64] Double Attack} Qd8 21. Nxf6+ Bxf6 22. Rxg6 Bxd4) 20. Nd5 Bh4+ 21. Kd2 a4 (21... Bxe6 $142 22. Nxe6 Nxe6 23. Rxg6 Rae8 24. Rxe6 Rxe6) 22. Rxg6 Qa5+ 23. Kc2 {White wants to mate with Rxg7+!} Nxe6 24. Nxe6 Bxe6 25. Rxe6 Rac8+ 26. Nc3 $2 (26. Kd1 $18) 26... a3 $11 {White must now prevent ...axb2.} 27. b4 Rxc3+ $1 28. Kxc3 Qc7+ 29. Kd2 Qf7 30. Qd1 Qxe6 31. Qb3 Qxb3 32. Rxb3 {[%mdl 4096] Endgame KRB-KRB} Rf1 33. Rxa3 g5 {Black is now going downhill.} (33... Rh1 $1 $11) 34. Ra5 Rh1 35. Bxg5 {Threatens to win with Bf4.} Rxh2+ 36. Ke3 Be1 37. a3 h4 38. Bf4 Rh3+ 39. Ke2 Bg3 40. Rg5+ Kf7 {[#]} 41. Bxg3 $1 hxg3 $16 {KR-KR} 42. Rd5 Ke6 43. Kf3 Rh2 44. Kxg3 Ra2 45. Kf4 Rxa3 46. Ke3 {aiming for Kd4.} Rc3 $2 (46... Rb3 $16 {was called for.}) 47. Rh5 $2 (47. Rb5 $18 {and White stays clearly on top.}) 47... Kd7 $2 {[%mdl 8192]} (47... Rb3 $16) 48. Kd4 $18 Rb3 49. Kc4 Ra3 50. b5 (50. Ra5 $142 b5+ 51. Rxb5) 50... Kc7 (50... b6 $142 51. Rh6 Ke7 52. Rh7+ Ke6) 51. Rh7+ Kc8 52. d4 Ra4+ 53. Kd5 Rb4 54. Rg7 Kb8 55. Rd7 Kc8 56. Rxd6 Rxb5+ 57. Kc4 Rb1 58. e5 Kc7 59. Rh6 Rc1+ 60. Kd5 {White mates.} b5 61. Rh7+ Kb6 62. e6 b4 63. e7 Re1 64. Rh6+ {Av CentiPawn Loss W=-78/B=-111. Weighted=-67/-121} 1-0

[Event "XIV Figueira da Foz Open 2020"]
[Site "Figueira da Foz"]
[Date "2020.10.31"]
[Round "9.5"]
[White "Garcia Dorado, Alberto"]
[Black "Taboas Rodriguez, Daniel"]
[Result "0-1"]
[WhiteElo "2181"]
[BlackElo "2365"]
[Annotator "TA"]
[PlyCount "148"]
[EventDate "2020.10.24"]
[EventType "swiss"]
[EventCountry "POR"]
[SourceTitle "playchess.com"]
[Source "ChessBase"]
[SourceQuality "1"]

{[%evp 9,148,49,59,32,47,20,23,0,10,0,-10,-15,-7,-33,-24,-36,-41,-65,-46,-50,-8,0,0,0,0,-66,-6,-47,27,-18,37,-38,-34,-33,-6,-35,-28,-57,-54,-68,-25,-38,-19,-21,-19,-21,-18,-20,-16,-29,-14,-14,-16,-17,-8,-28,-32,-61,-62,-55,-61,-54,-39,-52,-50,-59,-64,-74,-67,-75,-75,-73,-73,-73,-68,-75,-67,-97,-97,-138,-140,-152,-145,-147,-146,-154,-139,-139,-139,-135,-106,-106,-106,-117,-100,-147,-123,-125,-95,-126,-126,-118,-122,-127,-126,-167,-153,-160,-132,-185,-162,-162,-162,-156,-147,-165,-93,-93,-93,-93,-93,-29963,-29964,-4802,-4104,-1671,0,-93,-93,-93,-93,-101,-83,-83,-83,-83,-68,-29980,-29981,-29980,-29982]} 1. d4 d6 2. c4 e5 3. Nc3 Nc6 4. d5 Nce7 5. Nf3 f5 6. g3 {A21: English Opening: 1...e5 2 Nc3.} Nf6 7. Bg2 g6 8. Ng5 {White has an edge.} Bg7 9. Ne6 Bxe6 $1 10. dxe6 c6 11. e4 O-O {[#]} 12. O-O $146 ({Predecessor:} 12. Bg5 h6 13. Be3 Ng4 14. O-O Nxe3 15. fxe3 Qb6 16. Qxd6 Bf6 17. Na4 Qxe3+ 18. Kh1 {0-1 (53) Mendez Acosta,A (1956)-Lopez Pereyra,A (2081) Tenerife 2018}) 12... fxe4 13. Nxe4 Nxe4 14. Bxe4 Rf6 15. Bg5 Rxe6 16. Bxe7 Qxe7 17. Qe2 (17. b4 $11) 17... Rf8 (17... Qf7 $15) 18. Rad1 Qg5 (18... a5 $15) 19. Rd3 (19. b4 {is interesting.} a6 20. a4 Qe7 21. Qe3 Qc7 22. b5) 19... Ref6 (19... a5 $11) 20. Qe3 ({White should try} 20. h4 $14 Qh6 21. Qd1) 20... Qxe3 $15 21. Rxe3 R8f7 22. Kg2 Bf8 23. Rf3 Rxf3 24. Bxf3 {[%mdl 4096] Endgame KRB-KRB} Rd7 25. Rd1 Kf7 26. b4 Rc7 27. a4 Ke6 28. b5 Kf5 29. Re1 Bh6 30. Be4+ Ke6 31. Rd1 Bg5 32. Kf3 Bd8 33. Ke3 Rc8 34. f4 Bb6+ 35. Ke2 Bd4 36. Bf3 {Bg4+ is the strong threat.} Rc7 37. fxe5 dxe5 38. Rf1 Kd6 39. bxc6 bxc6 40. Be4 Kc5 41. Rf6 Kb4 42. Bxc6 Kxc4 43. Re6 Rf7 44. Bf3 Kb4 45. Bc6 Rf2+ 46. Kd3 Rxh2 47. Ke4 Re2+ 48. Kf3 Rf2+ 49. Ke4 Rf7 50. Be8 Rg7 51. g4 Kc3 52. a5 Kb4 53. a6 Ka5 54. g5 Rc7 55. Kd5 Rc5+ 56. Ke4 Rc3 57. Re7 Rh3 58. Bf7 Rh5 59. Bg8 (59. Bc4 $17) 59... Rxg5 $19 60. Bxh7 Kxa6 61. Re6+ Kb5 62. Rxg6 Rxg6 (62... Rh5 $19 63. Rg7 a5) 63. Bxg6 $17 {KB-KB} Kc4 64. Bf7+ Kc3 65. Be8 $2 {[%mdl 8192]} (65. Bh5 $17) 65... a5 66. Bc6 Kb3 $1 67. Bd5+ Kc3 $2 (67... Kc2 $19 68. Bc6 Kc3) 68. Bc6 Kb4 {aiming for ...a4.} 69. Kd3 a4 {[%cal Ba5a4,Ba4a3][%mdl 32]} 70. Bd5 Ba7 71. Ke4 {[#]} Bb8 $1 72. Kd3 Bc7 73. Bc6 $2 {[%mdl 8192] [#]} (73. Bf3 $15) 73... Kb3 $1 74. Kd2 a3 {Av CentiPawn Loss W=373/B=-35. Weighted=339/-33} 0-1

[Event "XIV Figueira da Foz Open 2020"]
[Site "Figueira da Foz"]
[Date "2020.10.31"]
[Round "9.6"]
[White "Antolak, Julia"]
[Black "Fernandes, Joao Pedro Murtinho"]
[Result "1/2-1/2"]
[WhiteElo "2313"]
[BlackElo "2084"]
[Annotator "TA"]
[PlyCount "90"]
[EventDate "2020.10.24"]
[EventType "swiss"]
[EventCountry "POR"]
[SourceTitle "playchess.com"]
[Source "ChessBase"]
[SourceQuality "1"]

{[%evp 17,90,38,47,-108,-29,-50,74,79,105,103,102,36,36,40,45,57,52,50,81,43,60,55,51,62,76,87,187,180,170,181,167,22,8,-20,-16,-109,-115,-108,-115,-150,-147,-162,-58,-60,-58,-52,-53,-46,-35,-35,-35,-39,-27,-57,-63,-83,-82,-76,-57,-66,0,-65,-27,-53,-59,-91,-72,-68,-26,-30,-29,-28,0,-30,0]} 1. e4 c5 2. Nf3 d6 3. d4 cxd4 4. Nxd4 Nf6 5. Nc3 a6 6. Bg5 Nbd7 7. Bc4 Qa5 8. Qd2 e6 9. O-O-O b5 {[#]} 10. Bd3 $146 {B94: Sicilian Najdorf: 6 Bg5 Nbd7.} (10. Bb3 $1 $14) ({Predecessor:} 10. Bb3 Bb7 11. Rhe1 O-O-O 12. f3 Kb8 13. Kb1 Rc8 14. Be3 Be7 15. a3 Ne5 16. Bf2 Nfd7 17. f4 Nc4 18. Bxc4 Rxc4 19. f5 e5 {0-1 (62) Sychev,K (2534)-Artemiev,V (2706) Sochi 2018}) 10... Bb7 (10... b4 $17 11. Nce2 Qxa2 12. Qxb4 d5) 11. Rhe1 O-O-O (11... b4 $15 12. Nb1 Nc5 13. Bxf6 gxf6) 12. f3 {White is better.} h6 13. Nb3 Qc7 14. Be3 (14. Bf4 $16) 14... d5 $1 $14 15. exd5 Nxd5 16. Nxd5 Bxd5 17. Kb1 Kb8 18. Qf2 Bb4 19. c3 Be7 20. Be4 Bxe4+ 21. fxe4 Ne5 (21... Rhf8 $16) 22. Bb6 $18 Rxd1+ 23. Rxd1 Qb7 {[#]} 24. Qd4 (24. Na5 $1 $18 {[%cal Ra5b7]} Qxe4+ 25. Ka1) 24... Nc4 $1 $132 {[%mdl 2048] Black is not holding back} 25. Qxg7 Rc8 26. Bd4 (26. Bg1 $11) 26... Qxe4+ $17 27. Ka1 e5 28. Qg3 {[#] With the idea Re1.} Bh4 $1 {[%cal Rh4g3]} ({Don't play} 28... Qe2 29. Rb1 $15) 29. Nd2 Qe2 ({Black should try} 29... Bxg3 $19 30. Nxe4 Bxh2) 30. Qf3 $15 Qxf3 31. Nxf3 exd4 32. Nxh4 {[%mdl 4096] Endgame KRN-KRN} Ne3 33. Rd3 dxc3 {( -> ...c2)} 34. bxc3 Nc4 35. Kb1 Re8 36. Rd7 Re1+ 37. Kc2 Re2+ 38. Kb1 Re1+ 39. Kc2 Re4 40. g3 Re2+ 41. Kb1 Rb2+ 42. Kc1 Rxh2 {And now ...Rf2 would win.} 43. Rxf7 Rh1+ 44. Kc2 Rh2+ 45. Kc1 Rh1+ {Never resign too early! Av CentiPawn Loss W=-21/B=-16. Weighted=-27/-18} 1/2-1/2

[Event "XIV Figueira da Foz Open 2020"]
[Site "Figueira da Foz"]
[Date "2020.10.31"]
[Round "9.7"]
[White "Loeffler, Stefan"]
[Black "Janik, Igor"]
[Result "0-1"]
[WhiteElo "2352"]
[BlackElo "2489"]
[Annotator "TA"]
[PlyCount "110"]
[EventDate "2020.10.24"]
[EventType "swiss"]
[EventCountry "POR"]
[SourceTitle "playchess.com"]
[Source "ChessBase"]
[SourceQuality "1"]

{[%evp 9,110,5,13,0,0,-8,5,0,0,-12,-10,-10,-23,-23,-12,-32,-25,-6,0,-7,-7,-3,0,-14,11,11,24,36,35,26,27,28,47,50,42,42,40,34,57,39,44,13,12,15,5,-8,0,-14,-9,-25,-11,-113,-30,-41,-13,-93,-85,-81,-51,-48,0,-9,0,-173,-170,-158,-162,-155,-149,-240,-233,-302,-263,-262,-263,-304,-291,-241,-190,-190,-183,-190,-186,-198,-198,-191,-186,-201,-172,-173,-162,-391,-392,-481,-473,-430,-410,-410,-410,-420,-372,-717,-685]} 1. Nf3 Nf6 2. g3 d5 3. Bg2 g6 4. c4 c6 5. Qa4 Bg7 6. cxd5 {A11: English Opening: 1...c6.} Nxd5 7. d4 Bg4 8. Ne5 {The position is equal.} Nb6 {[#]} 9. Qb4 $146 ({Predecessor:} 9. Qd1 Bxe5 10. dxe5 Qxd1+ 11. Kxd1 N8d7 12. h3 Be6 13. f4 O-O-O 14. Kc2 Nc5 15. Nc3 {½-½ (58) Saduakassova,D (2472)-Lagno,K (2560) St Petersburg 2018}) 9... Be6 10. O-O O-O 11. Bf4 Na6 12. Qd2 f6 13. Nf3 Bf7 14. Qc1 g5 15. Bd2 Bg6 16. Rd1 Nc7 17. Nc3 Ncd5 18. h4 h6 19. hxg5 hxg5 20. Ne1 Nxc3 21. Qxc3 e6 22. Nd3 Qe7 23. Qb3 {Strongly threatening Bb4.} Rfd8 24. Bb4 Qf7 25. Bh3 Bf5 26. Bxf5 exf5 27. e3 Nd5 28. Rac1 a5 {[%cal Ba7a5,Ba5a4][%mdl 32]} 29. Bd2 Bf8 30. Rc4 {[#]} (30. Kg2 $11) 30... Rd7 (30... Kg7 $1 $17 {Hoping for ...Bd6.} 31. Kg2 Bd6) 31. Kg2 $1 $11 Qe6 {...a4! is the strong threat.} 32. Rh1 {[#]} (32. Nc5 $11 {remains equal.} Bxc5 33. dxc5) 32... a4 $1 $17 {[%mdl 512]} 33. Qc2 (33. Rxa4 Rxa4) 33... Nb6 34. Rc3 Qxa2 35. Nc5 Qd5+ 36. Kg1 $2 {White is on the road to losing.} (36. e4 $11 fxe4 37. Nxd7 Nxd7 38. Bc1) 36... Bxc5 $1 $19 37. Rxc5 Qe4 38. Qxe4 fxe4 39. Bb4 (39. g4 $17) 39... Nd5 40. Ba3 Rh7 41. Rxh7 Kxh7 {[%mdl 4096] Endgame KRB-KRN} 42. Rc1 Kg6 43. g4 Rh8 44. Kg2 Kf7 45. Kg3 b5 46. Bd6 Rc8 47. Rh1 Kg7 48. Rc1 Nb6 49. Bb4 Nc4 50. Bc3 $2 (50. Rb1 {was forced.}) 50... Rb8 51. Rb1 b4 52. Be1 b3 {aiming for ...Nxb2!} 53. Bc3 Kf7 54. f3 Re8 55. Ra1 $2 (55. Re1) 55... a3 {Av CentiPawn Loss W=-26/B=-11. Weighted=-29/-13} 0-1